Hoá học phân tích Phần 3 Các phương pháp định lượng hoá học

Nội dung tài liệu trình bày đối tượng, nhiệm vụ của phân tích định lượng. Biểu diễn và đánh giá kết quả phân tích định lượng. Các phép đo chính xác trong phân tích định lượng hoá học. Đại cương về phân tích thể tích. Phương pháp phân ti...

Täydet tiedot

Tallennettuna:
Bibliografiset tiedot
Päätekijä: Nguyễn Tinh Dung
Aineistotyyppi: Kirja
Kieli:Vietnamese
Julkaistu: H. Giáo dục 2013
Painos:Tái bản lần thứ 8
Tagit: Lisää tagi
Ei tageja, Lisää ensimmäinen tagi!
Thư viện lưu trữ: Thư viện Trường Đại học Nam Cần Thơ
LEADER 01627aam a22002178a 4500
001 NCT_1381
008 130507s2013 ||||||viesd
999 |c 73  |d 73 
020 |c 38000 
082 0 4 |2 23rd ed.  |a 543  |b D513/Ph.3 
100 1 |a Nguyễn Tinh Dung 
245 1 0 |a Hoá học phân tích  |n Phần 3  |p Các phương pháp định lượng hoá học  |c Nguyễn Tinh Dung 
250 |a Tái bản lần thứ 8 
260 |a H.  |b Giáo dục  |c 2013 
300 |a 303tr.  |b hình vẽ, bảng  |c 21cm 
520 3 |a Nội dung tài liệu trình bày đối tượng, nhiệm vụ của phân tích định lượng. Biểu diễn và đánh giá kết quả phân tích định lượng. Các phép đo chính xác trong phân tích định lượng hoá học. Đại cương về phân tích thể tích. Phương pháp phân tích khối lượng, chuẩn độ axít - bazơ, chuẩn độ tạo phức, chuẩn độ kết tủa và chuẩn độ ôxi hoá - khử 
942 |2 ddc  |c BK 
952 |0 0  |1 0  |2 ddc  |4 0  |6 543_000000000000000_D513_PH_3  |7 0  |9 273  |a 000001  |b 000001  |d 2017-10-04  |o 543 D513/Ph.3  |p MD.00334  |r 2017-10-04  |v 38000.00  |w 2017-10-04  |y BK 
952 |0 0  |1 0  |2 ddc  |4 0  |6 543_000000000000000_D513_PH_3  |7 0  |9 274  |a 000001  |b 000001  |d 2017-10-04  |o 543 D513/Ph.3  |p MD.00335  |r 2017-10-04  |v 38000.00  |w 2017-10-04  |y BK 
952 |0 0  |1 0  |2 ddc  |4 0  |6 543_000000000000000_D513_PH_3  |7 0  |9 275  |a 000001  |b 000001  |d 2017-10-04  |o 543 D513/Ph.3  |p MD.00336  |r 2017-10-04  |v 38000.00  |w 2017-10-04  |y BK 
980 |a Thư viện Trường Đại học Nam Cần Thơ